000 00561nam a2200181Ia 4500
008 090123s9999 xx 000 0 und d
082 _b5461
_a891.463/मधुक
100 _aमधुकर
245 _aघटाघटांचे रुप आगळे
250 _a1
260 _bमेनका प्रकाशन
300 _a135
600 _aमधुकर
630 _aघटाघटांचे रुप आगळे
700 _aमधुकर
730 _aघटाघटांचे रुप आगळे
942 _cBOOK
999 _c43526
_d43526